LEADER 01299nam a2200241 i 4500 001 000000171804 003 CaOOAMICUS 005 20080514000000.0 008 080514s1967 it u000 u ita u 013 $a149236 040 $aSeMil$bita 100 1 $aMeyer, Conrad Ferdinand.$0(OLS)http://semarc/name/57929 240 14$aDie Hochzeit des Mönchs. Die Versuchung des Pescara. Angela Borgia.$0(OLS)http://semarc/title/245875 245 10$aNovelle :$bLe nozze del monaco. La tentazione del Pescara. Angela Borgia /$cConrad F. Meyer ; Introduzione di Maria Grazia Nasti Amoretti ; Traduzione di Maria Grazia Nasti Amoretti e Marianne Winton Wiener. 260 $aTorino :$bUnione Tipografico-Editrice Torinese,$cstampa 1967. 300 $a413 p., [1] p. di ritratto ;$c19 cm. 500 $aContiene : Nota bibliografica. 700 1 $aWinton Wiener, Marianne.$0(OLS)http://semarc/name/64271 700 1 $aNasti Amoretti, Maria Grazia.$0(OLS)http://semarc/name/34533 850 $aSeMil 852 $aSeMil$W1$xVenegono$y1$m1W III 120$j122668$B122668$CSeMilBibl$Z2$F134069 $81 996 $6245$aNovelle :$bLe nozze del monaco. La tentazione del Pescara. Angela Borgia$9(OLS)http://semarc/title/245874 996 $6260$aTorino :$bUnione Tipografico-Editrice Torinese$9(OLS)http://semarc/publisher/29628 LEADER 01066nam a2200241 i 4500 001 000000066480 003 CaOOAMICUS 005 20140116000000.0 008 140116s1930 xx u000 u ger u 013 $a37652 040 $aSeMil$bita 100 1 $aNisters, Bernhard.$0(OLS)http://semarc/name/33340 245 14$aDie Christologie des Hl. Fulgentius von Ruspe /$cvon Bernhard Nisters. 260 $aMünster Westf. :$bAschendorff,$c1930. 300 $a115 p. ;$c24 cm. 490 0 $aMünsterische Beiträge zur Theologie ;$v16 650 4$aCristologia - Storia - Medioevo.$0(OLS)http://semarc/subject/4685 650 4$aFulgenzio : di Ruspe .$0(OLS)http://semarc/subject/11425 830 0$aMünsterische Beiträge zur Theologie ;$v16.$0(OLS)http://semarc/title/552 850 $aSeMil 852 $aSeMil$W1$xVenegono$y1$m2N IV 87$j32633$B32633$CSeMilBibl$Z2$F32636 $81 996 $6245$aDie Christologie des Hl. Fulgentius von Ruspe$9(OLS)http://semarc/title/105715 996 $6260$aMünster Westf. :$bAschendorff$9(OLS)http://semarc/publisher/29679